000 00485nam a2200181 a 4500
005 20140310183436.0
008 080201s19uu xx 00 eng d
020 _a9780073515007
050 _aLC 3965
_b.T35 2008
245 _aTaking Sides Clashing views in special education /
250 _a3rd ed.
260 _aU.S.A :
_bMcGraw-HILL,
_c2008.
300 _a414 p. :
_bill. ;
_c24 cm.
521 _aEDU
650 _aSpecial education.
942 _cBK
_2lcc
_kFOR
999 _c22894
_d22894